Poésies populaires / (Record no. 160611)

MARC details
000 -LEADER
campo de control de longitud fija 01153nam a22002535i 4500
001 - NÚMERO DE CONTROL
campo de control 160611
003 - IDENTIFICADOR DE NÚMERO DE CONTROL
campo de control ES-MaACL
005 - FECHA Y HORA DE LA ÚLTIMA TRANSACCIÓN
campo de control 20260316165933.0
008 - DATOS DE LONGITUD FIJA--INFORMACIÓN GENERAL
campo de control de longitud fija 040929q18871890fr ac |||| | fre d
040 ## - FUENTE DE CATALOGACIÓN
Centro catalogador/agencia de origen CAM
Lengua de catalogación spa
Centro/agencia transcriptor CAM
100 1# - ENTRADA PRINCIPAL--NOMBRE DE PERSONA
Nombre de persona Nekrasov, Nikolaï Alekseevitch.
9 (RLIN) 130437
245 10 - MENCIÓN DEL TÍTULO
Título Poésies populaires /
Mención de responsabilidad, etc. N. Nekrassov ; traduites par E. Halpérine-Kaminsky et Ch. Morice . Et précédées d'une étude sur Nekrassov par le V\pte\s E.M. de Vogüé ; portrait gravé par Maurice Baud.
260 ## - PUBLICACIÓN, DISTRIBUCIÓN, ETC.
Lugar de publicación, distribución, etc. Paris :
Nombre del editor, distribuidor, etc. Perrin et C., libraires-éditeurs,
Fecha de publicación, distribución, etc. [s.a.] (
Lugar de fabricación/manufactura Châteauroux :
Fabricante Typ. et stéréotyp. A. Majesté)
300 ## - DESCRIPCIÓN FÍSICA
Extensión 262 p., [1] h. lám. ;
Dimensiones 19 cm.
596 ## - NOTA AL PIE DE IMPRENTA
NOTA AL PIE DE IMPRENTA Perrin y Majesté ejercen ca. 1887-1890.
596 ## - NOTA AL PIE DE IMPRENTA
NOTA AL PIE DE IMPRENTA En la cub. consta el imp.: E. Capiomont et C.
599 ## - NOTA A LAS ILUSTRACIONES
NOTA A LAS ILUSTRACIONES La h. de lám. retrato del autor.
700 11 - ENTRADA AGREGADA--NOMBRE PERSONAL
Nombre de persona Gal'perin-Kaminskij, Il'â Danilovic,
Fechas asociadas al nombre 1858-1936
Término indicativo de función/relación
9 (RLIN) 127773
700 11 - ENTRADA AGREGADA--NOMBRE PERSONAL
Nombre de persona Morice, Ch.,
Término indicativo de función/relación
9 (RLIN) 130205
700 11 - ENTRADA AGREGADA--NOMBRE PERSONAL
Nombre de persona Vogüé, Eugène-Melchior,
Títulos y otros términos asociados al nombre Vicomte de
Término indicativo de función/relación
9 (RLIN) 115669
700 11 - ENTRADA AGREGADA--NOMBRE PERSONAL
Nombre de persona Baud, Maurice,
Término indicativo de función/relación
9 (RLIN) 125858
852 ## - LOCALIZACIÓN
Ubicación ES-MaACL
Número de control de estantería F-10738
Nota libre -- Rúst.
Holdings
Estatus retirado Estado de pérdida Estado de daño No para préstamo Biblioteca de origen Biblioteca actual Ubicación en estantería Fecha de adquisición Fuente de adquisición Total de préstamos Signatura topográfica completa Código de barras Visto por última vez Precio de reemplazo Tipo de ítem Koha
        Biblioteca del Ateneo de Madrid Biblioteca del Ateneo de Madrid Sala Pecera Planta 2 17/01/2008     F-10738 1168172 23/02/2023 23/02/2023 Libro impreso